000 00553nam a22001937a 4500
003 SISC
005 20170404095709.0
008 160715b xxu||||| |||| 00| 0 eng d
020 _a9780545289597
050 _aPZ 7 . Od237 2010
100 _aO'Dell, Scott
245 _aIsland of the blue dolphins /
_cScott O'Dell
260 _aNew York :
_bScholastic Inc.,
_c2010
300 _axi, 177 p. :
_c20 cm.
650 _aIndians of North America--Fiction.
650 _aIslands--Fiction.
650 _aSurvival--Fiction.
942 _2lcc
_cBK
999 _c297756
_d297756